000 00655cam a22002413a 4500
001 19888
003 PGUSA
005 20140828083424.0
008 061121s2006||||xxu|||||s|||||000 1 eng d
040 _aPGUSA
_beng
042 _adc
050 4 _aPQ
100 1 _aDe Marchi, Emilio,
_d1851-1901
245 1 0 _aNuove storie d'ogni colore
_h[electronic resource] /
_cEmilio De Marchi
260 _bProject Gutenberg,
_c2006
506 _aPublic domain in the USA.
516 _aElectronic text
653 _aFiction
653 _aShort stories
830 0 _aProject Gutenberg
_v19888
856 4 0 _uhttp://www.gutenberg.org/ebooks/19888
942 _cEB
999 _c249143
_d249143